[Event "St Petersburg-ch (Women) 88th"]
[Site "St Petersburg"]
[Date "2020.09.30"]
[Round "9"]
[White "Zhivotovskaya, Asya"]
[Black "Melenchuk, Olga"]
[Result "0-1"]
[WhiteElo "1830"]
[BlackElo "1617"]
[PlyCount "66"]
[EventDate "2020.09.22"]
[EventType "swiss"]
[EventRounds "9"]
[EventCountry "RUS"]
[SourceTitle "EXT 2021"]
[Source "ChessBase"]
[SourceDate "2020.10.23"]
[SourceVersion "1"]
[SourceVersionDate "2020.10.23"]
[SourceQuality "1"]

1. c4 Nf6 2. Nc3 g6 3. e4 d6 4. g3 Bg7 5. Bg2 0-0 6. Nge2 Nc6 7. d4 Rb8 8. 0-0 a6 9. Rb1 Bd7 10. b4 b5 11. cxb5 axb5 12. d5 Ne5 13. f4 Nc4 14. Qd3 c6 15. h3 cxd5 16. exd5 Bf5 17. Ne4 Nxe4 18. Bxe4 Bxh3 19. Rf2 Qb6 20. a4 Bg4 21. Kf1 Bd7 22. a5 Qa7 23. Qf3 Bh3+ 24. Ke1 h5 25. f5 Bg4 26. Qf4 Rbc8 27. Qg5 f6 28. Qh4 Ne5 29. Bb2 Qe3 30. Qh1 Rc4 31. Bxe5 fxe5 32. Bf3 Bxf5 33. Rd1 Bg4 0-1

[Event "Chigorin Memorial 23rd"]
[Site "St Petersburg"]
[Date "2015.10.08"]
[Round "6"]
[White "Gantsevich, Aleksei"]
[Black "Zhivotovskaya, Asya"]
[Result "0-1"]
[WhiteElo "2036"]
[BlackElo "1810"]
[PlyCount "80"]
[EventDate "2015.10.03"]
[EventType "swiss"]
[EventRounds "9"]
[EventCountry "RUS"]
[SourceTitle "CBM 168 Extra"]
[Source "ChessBase"]
[SourceDate "2015.10.29"]
[SourceVersion "1"]
[SourceVersionDate "2015.10.29"]
[SourceQuality "1"]

1. Nf3 d5 2. d4 Nf6 3. c4 dxc4 4. Nc3 a6 5. a4 Nc6 6. e4 Bg4 7. Be3 e6 8. Bxc4 Bb4 9. Qd3 Na5 10. Ba2 c5 11. Ne5 cxd4 12. Bxd4 Bh5 13. f3 Qc7 14. 0-0 Rd8 15. Nd5 exd5 16. exd5 0-0 17. Rac1 Qd6 18. Rfd1 Nxd5 19. Nc4 Nxc4 20. Qxc4 Qg6 21. g4 Bxg4 22. fxg4 Qxg4+ 23. Kf2 Qf4+ 24. Kg1 Ne3 25. Bxe3 Rxd1+ 26. Rxd1 Qxe3+ 27. Kg2 b5 28. Qd5 Qe2+ 29. Kh3 h5 30. Rg1 Qxb2 31. Rf1 Qc3+ 32. Rf3 Qc8+ 33. Kg2 Qg4+ 34. Kf1 Qg6 35. axb5 axb5 36. Qxb5 Be7 37. Rf5 h4 38. Bb1 Rd8 39. Qe2 Bc5 40. Qg2 Rd1+ 0-1

[Event "Chigorin Memorial 23rd"]
[Site "St Petersburg"]
[Date "2015.10.06"]
[Round "4"]
[White "Shubin, Kirill"]
[Black "Zhivotovskaya, Asya"]
[Result "1-0"]
[WhiteElo "2176"]
[BlackElo "1810"]
[PlyCount "75"]
[EventDate "2015.10.03"]
[EventType "swiss"]
[EventRounds "9"]
[EventCountry "RUS"]
[SourceTitle "CBM 168 Extra"]
[Source "ChessBase"]
[SourceDate "2015.10.29"]
[SourceVersion "1"]
[SourceVersionDate "2015.10.29"]
[SourceQuality "1"]

1. e4 e5 2. Nf3 Nc6 3. Bc4 Bc5 4. b4 Bxb4 5. c3 Ba5 6. d4 exd4 7. Qb3 Qe7 8. 0-0 Nf6 9. Ba3 d6 10. e5 Nxe5 11. Nxe5 Qxe5 12. cxd4 Qe7 13. Qa4+ Qd7 14. Qxa5 0-0 15. Nc3 b6 16. Qg5 h6 17. Qg3 Bb7 18. d5 Qf5 19. Bb2 Nh5 20. Qd3 Qg5 21. Ne4 Qg6 22. Rad1 Nf4 23. Qf3 Rae8 24. Ng3 Qc2 25. Bc3 g5 26. Rc1 Qg6 27. Bd2 h5 28. Bb3 Nd3 29. Bc2 Ne5 30. Qb3 f5 31. Qb5 Bc8 32. f4 Ng4 33. Rce1 Rxe1 34. Rxe1 Qf6 35. Qc4 Ba6 36. Qc3 Qxc3 37. Bxc3 gxf4 38. Nxf5 1-0

[Event "Chigorin Memorial 22nd"]
[Site "St Petersburg"]
[Date "2014.10.20"]
[Round "3"]
[White "Zhivotovskaya, Asya"]
[Black "Koshil, Tikhon Stepanovich"]
[Result "1-0"]
[WhiteElo "1775"]
[BlackElo "1975"]
[PlyCount "67"]
[EventDate "2014.10.18"]
[EventType "swiss"]
[EventRounds "9"]
[EventCountry "RUS"]
[SourceTitle "EXT 2015"]
[Source "ChessBase"]
[SourceDate "2014.11.20"]
[SourceVersion "1"]
[SourceVersionDate "2014.11.20"]
[SourceQuality "1"]

1. c4 Nf6 2. Nc3 g6 3. g3 Bg7 4. Bg2 0-0 5. e4 d6 6. Nge2 c5 7. 0-0 Be6 8. d3 Nc6 9. h3 Bd7 10. Be3 a6 11. Qd2 Re8 12. f4 Rb8 13. a4 e6 14. g4 Kh8 15. Rf2 Ng8 16. g5 Nd4 17. Raf1 Bc6 18. Ng3 Ne7 19. h4 d5 20. Qd1 b6 21. h5 Kg8 22. Qg4 Bd7 23. Qh4 Bc6 24. Bh3 Nb3 25. Rh2 d4 26. Bxe6 fxe6 27. hxg6 hxg6 28. f5 exf5 29. exf5 Kf7 30. fxg6+ Ke6 31. Qg4+ Kd6 32. Bf4+ Be5 33. Bxe5+ Kxe5 34. Rf6 1-0

[Event "Chigorin Memorial 21st"]
[Site "St Petersburg"]
[Date "2013.10.13"]
[Round "9"]
[White "Aseev, Vladimir"]
[Black "Zhivotovskaya, Asya"]
[Result "1/2-1/2"]
[WhiteElo "2064"]
[BlackElo "1755"]
[PlyCount "86"]
[EventDate "2013.10.05"]
[EventType "swiss"]
[EventRounds "9"]
[EventCountry "RUS"]
[SourceTitle "CBM 156 Extra"]
[Source "ChessBase"]
[SourceDate "2013.10.22"]
[SourceVersion "1"]
[SourceVersionDate "2013.10.22"]
[SourceQuality "1"]

1. Nf3 Nf6 2. c4 e6 3. b3 c5 4. g3 d5 5. cxd5 exd5 6. Bg2 Be7 7. 0-0 0-0 8. d4 b6 9. Bb2 Bb7 10. Ne5 Nc6 11. e3 Ne4 12. Nd2 f6 13. Nd3 cxd4 14. exd4 f5 15. Nf3 Ba6 16. Re1 Rc8 17. a3 Bf6 18. Nf4 Re8 19. Rc1 Qd6 20. h4 h6 21. h5 Kh7 22. Bh3 Qd7 23. Rc2 Bg5 24. Ne5 Nxe5 25. dxe5 Rxc2 26. Qxc2 Bxf4 27. gxf4 Qf7 28. f3 Qxh5 29. fxe4 Qxh3 30. Qf2 dxe4 31. Re3 Qg4+ 32. Rg3 Qh5 33. e6 Qd1+ 34. Kh2 g6 35. Qe3 Qc2+ 36. Rg2 Qd3 37. Qc1 Qd6 38. Qc3 Rg8 39. Qf6 Qf8 40. Qe5 Qb8 41. Qf6 Qxf4+ 42. Kg1 Qe3+ 43. Kh2 Qf4+ 1/2-1/2

[Event "Chigorin Memorial 21st"]
[Site "St Petersburg"]
[Date "2013.10.07"]
[Round "3"]
[White "Kopasov, Evgeny Aleksandrovi"]
[Black "Zhivotovskaya, Asya"]
[Result "1-0"]
[WhiteElo "1975"]
[BlackElo "1755"]
[PlyCount "53"]
[EventDate "2013.10.05"]
[EventType "swiss"]
[EventRounds "9"]
[EventCountry "RUS"]
[SourceTitle "CBM 156 Extra"]
[Source "ChessBase"]
[SourceDate "2013.10.22"]
[SourceVersion "1"]
[SourceVersionDate "2013.10.22"]
[SourceQuality "1"]

1. d4 d5 2. c4 e6 3. Nc3 Nf6 4. Bg5 Be7 5. e3 h6 6. Bh4 0-0 7. Nf3 b6 8. Be2 c5 9. dxc5 bxc5 10. 0-0 Bb7 11. Qc2 Nbd7 12. Rfd1 Rc8 13. Rd2 Ne4 14. Bxe7 Qxe7 15. Nxe4 dxe4 16. Ne1 Nb6 17. Rad1 Rfd8 18. f4 Rd7 19. Rxd7 Nxd7 20. Qd2 Bc6 21. Nc2 Rb8 22. Na3 a6 23. Nb1 Kf8 24. b3 Ke8 25. Qa5 Ra8 26. Qc7 Rb8 27. Qxc6 1-0

[Event "St Petersburg-ch sf (Women)"]
[Site "St Petersburg"]
[Date "2013.01.31"]
[Round "6"]
[White "Zhivotovskaya, Asya"]
[Black "Degoda, Evgenia"]
[Result "1-0"]
[WhiteElo "1684"]
[BlackElo "1556"]
[PlyCount "61"]
[EventDate "2013.01.26"]
[EventType "swiss"]
[EventRounds "9"]
[EventCountry "RUS"]
[SourceTitle "CBM 152 Extra"]
[Source "ChessBase"]
[SourceDate "2013.02.25"]
[SourceVersion "1"]
[SourceVersionDate "2013.02.25"]
[SourceQuality "1"]

1. e4 c6 2. d4 d5 3. exd5 cxd5 4. c4 Nf6 5. Nc3 e6 6. Nf3 Nc6 7. c5 Qc7 8. Nb5 Qb8 9. g3 Nh5 10. Ng5 g6 11. Be2 a6 12. Nc3 Nf6 13. Bf4 Qa7 14. Na4 Bg7 15. Nb6 Nd7 16. Nxa8 Qxa8 17. Nf3 Qa7 18. Be3 b6 19. cxb6 Qxb6 20. Qd2 Bb7 21. 0-0 h5 22. Rfd1 f6 23. Bd3 g5 24. Bg6+ Kf8 25. Rac1 g4 26. Nh4 f5 27. Bxf5 exf5 28. Ng6+ Kg8 29. Nxh8 Kxh8 30. Qd3 Ne7 31. Bf4 1-0

[Event "St Petersburg Blockade op"]
[Site "St Petersburg"]
[Date "2013.01.10"]
[Round "8"]
[White "Zhivotovskaya, Asya"]
[Black "Ngnegevo, Filipp"]
[Result "1/2-1/2"]
[WhiteElo "1684"]
[BlackElo "2016"]
[PlyCount "71"]
[EventDate "2013.01.03"]
[EventType "swiss"]
[EventRounds "9"]
[EventCountry "RUS"]
[SourceTitle "CBM 152 Extra"]
[Source "ChessBase"]
[SourceDate "2013.02.25"]
[SourceVersion "1"]
[SourceVersionDate "2013.02.25"]
[SourceQuality "1"]

1. e4 c5 2. Nf3 d6 3. Bb5+ Bd7 4. Bxd7+ Qxd7 5. 0-0 Nc6 6. c3 Nf6 7. Re1 g6 8. d4 cxd4 9. cxd4 Bg7 10. Nc3 0-0 11. Be3 Rfd8 12. d5 Na5 13. Qd3 Rdc8 14. b3 b6 15. Rac1 Nh5 16. Qb5 Qd8 17. Ne2 Nf6 18. Qd3 Qd7 19. h3 b5 20. Ned4 a6 21. Bd2 Nb7 22. b4 Nd8 23. Be3 Qb7 24. Nd2 Nd7 25. f4 Nb6 26. N4b3 Nc4 27. Nxc4 bxc4 28. Rxc4 Rxc4 29. Qxc4 Rc8 30. Qd3 Qxb4 31. Bd2 Qb6+ 32. Be3 Qb4 33. Bd2 Qa4 34. Ba5 Qxa2 35. Re2 Qa4 36. Qxa6 1/2-1/2

[Event "St Petersburg Blockade op"]
[Site "St Petersburg"]
[Date "2013.01.05"]
[Round "3"]
[White "Yun, Vyacheslav"]
[Black "Zhivotovskaya, Asya"]
[Result "0-1"]
[WhiteElo "1626"]
[BlackElo "1684"]
[PlyCount "98"]
[EventDate "2013.01.03"]
[EventType "swiss"]
[EventRounds "9"]
[EventCountry "RUS"]
[SourceTitle "CBM 152 Extra"]
[Source "ChessBase"]
[SourceDate "2013.02.25"]
[SourceVersion "1"]
[SourceVersionDate "2013.02.25"]
[SourceQuality "1"]

1. e4 c5 2. d4 cxd4 3. c3 dxc3 4. Nxc3 Nc6 5. Nf3 d6 6. Bc4 Nf6 7. 0-0 e6 8. Qe2 Be7 9. Rd1 0-0 10. Bf4 Ne8 11. Nb5 Na5 12. Rac1 Nxc4 13. Qxc4 Qb6 14. Nc7 Rb8 15. Qb5 Qxb5 16. Nxb5 e5 17. Nxa7 Be6 18. Be3 Bxa2 19. Nc8 Bf6 20. Nxd6 Nxd6 21. Rxd6 Rbc8 22. Ra1 Bc4 23. g4 Be2 24. Kg2 h6 25. Bxh6 Rc2 26. Rb1 Be7 27. Rd7 Bc5 28. Be3 Bxe3 29. fxe3 Bd3+ 30. Kg3 Bxe4 31. Nxe5 Rg2+ 32. Kh3 f5 33. Rc1 fxg4+ 34. Nxg4 Rxg4 35. Rd4 Rg6 36. Rxe4 Rf3+ 37. Kh4 Rf2 38. h3 Rxb2 39. Rc8+ Kh7 40. Rc5 Rbg2 41. Rh5+ Rh6 42. Rxh6+ Kxh6 43. Re6+ g6 44. e4 b5 45. e5 b4 46. Rf6 b3 47. e6 b2 48. e7 b1Q 49. e8Q Qb4+ 0-1

[Event "St Petersburg Blockade op"]
[Site "St Petersburg"]
[Date "2013.01.04"]
[Round "2"]
[White "Zhivotovskaya, Asya"]
[Black "Lapitsky, Sergey"]
[Result "1/2-1/2"]
[WhiteElo "1684"]
[BlackElo "1923"]
[PlyCount "117"]
[EventDate "2013.01.03"]
[EventType "swiss"]
[EventRounds "9"]
[EventCountry "RUS"]
[SourceTitle "CBM 152 Extra"]
[Source "ChessBase"]
[SourceDate "2013.02.25"]
[SourceVersion "1"]
[SourceVersionDate "2013.02.25"]
[SourceQuality "1"]

1. e4 Nc6 2. Nf3 d6 3. d4 Nf6 4. Nc3 Bg4 5. Be2 e6 6. 0-0 Be7 7. Be3 0-0 8. h3 Bh5 9. Qd2 Bg6 10. Bd3 d5 11. exd5 exd5 12. Bxg6 hxg6 13. Rad1 Bb4 14. Qd3 Bxc3 15. bxc3 Re8 16. Bg5 Ne7 17. c4 c6 18. Ne5 Ne4 19. Bc1 Nf5 20. Rfe1 Qf6 21. cxd5 cxd5 22. c4 Nxf2 23. Kxf2 Nxd4+ 24. Kg1 Rxe5 25. Rxe5 Qxe5 26. Qxd4 Qxd4+ 27. Rxd4 dxc4 28. Rxc4 Rd8 29. Kh2 Rd7 30. a4 f6 31. Ba3 g5 32. Bc5 Rc7 33. Rc3 b6 34. Bb4 Rd7 35. a5 bxa5 36. Bxa5 Rd4 37. Rc8+ Kh7 38. Bc3 Rd7 39. Ba5 Rd5 40. Bb4 Rb5 41. Bf8 Rb7 42. Ra8 Rc7 43. Bd6 Rc6 44. Bf8 Rc7 45. Re8 Rf7 46. Ba3 Kg6 47. Re7 Rxe7 48. Bxe7 Kf5 49. Kg3 a5 50. Bf8 g6 51. Kf3 a4 52. Bb4 Ke6 53. Kg4 f5+ 54. Kg3 Ke5 55. Bc3+ Kd6 56. Bb4+ Ke6 57. Kf3 Kf6 58. Ke3 Ke6 59. Kd3 1/2-1/2

[Event "Chigorin Memorial 20th"]
[Site "St Petersburg"]
[Date "2012.10.30"]
[Round "4"]
[White "Chernyak, Viktoria"]
[Black "Zhivotovskaya, Asya"]
[Result "1-0"]
[WhiteElo "1939"]
[BlackElo "1660"]
[PlyCount "71"]
[EventDate "2012.10.27"]
[EventType "swiss"]
[EventRounds "9"]
[EventCountry "RUS"]
[SourceTitle "EXT 2013"]
[Source "ChessBase"]
[SourceDate "2012.11.22"]
[SourceVersion "1"]
[SourceVersionDate "2012.11.22"]
[SourceQuality "1"]

1. e4 d5 2. exd5 Qxd5 3. Nf3 Nf6 4. d4 Bg4 5. Be2 Nc6 6. c4 Qf5 7. h3 Bxf3 8. Bxf3 Qe6+ 9. Be2 Qe4 10. Be3 Qxg2 11. Bf3 Qg6 12. Nc3 0-0-0 13. Qa4 Nd7 14. Nb5 a6 15. Bxc6 Nb6 16. Qa5 axb5 17. Bxb5 Kb8 18. 0-0-0 e6 19. Rhg1 Qf5 20. Rg5 Qf6 21. Rg4 h6 22. Bf4 Kc8 23. c5 Bxc5 24. dxc5 Rxd1+ 25. Kxd1 Qd4+ 26. Bd2 Qxc5 27. Be3 Rd8+ 28. Ke1 Qd5 29. Rd4 Qh1+ 30. Ke2 Rxd4 31. Bxd4 Qe4+ 32. Be3 f5 33. Bd3 Qd5 34. Bxb6 cxb6 35. Qxd5 exd5 36. Bxf5+ 1-0

[Event "St Petersburg Spring op"]
[Site "St Petersburg"]
[Date "2012.03.22"]
[Round "1"]
[White "Aminov, Andrey"]
[Black "Zhivotovskaya, Asya"]
[Result "1-0"]
[WhiteElo "2052"]
[BlackElo "1666"]
[PlyCount "57"]
[EventDate "2012.03.22"]
[EventType "swiss"]
[EventRounds "9"]
[EventCountry "RUS"]
[SourceTitle "EXT 2013"]
[Source "ChessBase"]
[SourceDate "2012.11.22"]
[SourceVersion "1"]
[SourceVersionDate "2012.11.22"]
[SourceQuality "1"]

1. e4 c5 2. Nf3 d6 3. Bb5+ Bd7 4. Bxd7+ Nxd7 5. 0-0 g6 6. c3 Bg7 7. d4 cxd4 8. cxd4 Ngf6 9. Nc3 0-0 10. Re1 Rc8 11. Bg5 h6 12. Bh4 a6 13. e5 dxe5 14. dxe5 Ng4 15. Bg3 h5 16. h3 Nh6 17. e6 fxe6 18. Rxe6 Rf6 19. Qe2 Nf5 20. Nd5 Rxe6 21. Qxe6+ Kh8 22. Nf4 Nf8 23. Nxg6+ Nxg6 24. Qxg6 Nxg3 25. Ng5 Ne2+ 26. Kh1 Kg8 27. Qf7+ Kh8 28. Qxh5+ Kg8 29. Qh7+ 1-0

[Event "St Petersburg-ch sf (Women) 80th"]
[Site "St Petersburg"]
[Date "2012.02.02"]
[Round "6.14"]
[White "Zhivotovskaya, Asya"]
[Black "Petrochenko, Maria"]
[Result "1/2-1/2"]
[WhiteElo "1688"]
[BlackElo "1585"]
[PlyCount "107"]
[EventDate "2012.01.28"]
[EventType "swiss"]
[EventRounds "9"]
[EventCountry "RUS"]
[SourceTitle "CBM 146 Extra"]
[Source "ChessBase"]
[SourceDate "2012.02.29"]
[SourceVersion "1"]
[SourceVersionDate "2012.02.29"]
[SourceQuality "1"]

1. e4 c5 2. Nf3 Nc6 3. Bb5 Nf6 4. d3 Qc7 5. 0-0 e6 6. Re1 Be7 7. Nbd2 0-0 8. Nf1 d5 9. exd5 exd5 10. Ng3 a6 11. Bxc6 bxc6 12. c4 Bd6 13. Bg5 Ng4 14. h3 Ne5 15. b3 h6 16. Bc1 Nxf3+ 17. Qxf3 Be6 18. Bb2 Rfe8 19. Nf5 Bxf5 20. Qxf5 Qb7 21. Qg4 Bf8 22. Bc3 Rac8 23. Bd2 Kh8 24. Qh5 Qd7 25. Bc3 Kg8 26. Qh4 Rxe1+ 27. Rxe1 Re8 28. f3 Rxe1+ 29. Qxe1 Qe7 30. Kf2 Qxe1+ 31. Bxe1 Bd6 32. g4 Kf8 33. h4 Ke7 34. Ke3 Ke6 35. h5 Be5 36. f4 Bd4+ 37. Kf3 Kd6 38. Bh4 f6 39. Bg3 Ke7 40. f5 Be5 41. Be1 Kd6 42. Ba5 Bd4 43. Ke2 Bb2 44. Ke3 Bc1+ 45. Kf3 Ba3 46. Ke3 Bc1+ 47. Kf3 Bb2 48. Ke3 Ba3 49. Kf3 Bb4 50. Bb6 Bc3 51. Ke3 Bb4 52. Kf3 Bc3 53. Ke3 Bb4 54. Kf3 1/2-1/2

[Event "St Petersburg Autumn op"]
[Site "St Petersburg"]
[Date "2011.10.31"]
[Round "4"]
[White "Zhivotovskaya, Asya"]
[Black "Mironovich, Mark"]
[Result "0-1"]
[WhiteElo "1685"]
[BlackElo "1901"]
[PlyCount "31"]
[EventDate "2011.10.28"]
[EventType "swiss"]
[EventRounds "9"]
[EventCountry "RUS"]
[SourceTitle "EXT 2013"]
[Source "ChessBase"]
[SourceDate "2012.11.22"]
[SourceVersion "1"]
[SourceVersionDate "2012.11.22"]
[SourceQuality "1"]

1. e4 c5 2. Nf3 d6 3. Bb5+ Bd7 4. Bxd7+ Qxd7 5. 0-0 Nc6 6. c3 e5 7. d4 Nf6 8. Re1 g6 9. d5 Ne7 10. a4 Bg7 11. Qd3 0-0 12. Na3 Nh5 13. Nc4 h6 14. b4 b6 15. Bb2 Nf4 16. Qf1 0-1